Thornwood / (Record no. 375648)
[ view plain ]
| 000 -LEADER | |
|---|---|
| fixed length control field | 01456cam a2200397 i 4500 |
| 001 - CONTROL NUMBER | |
| control field | 21390677 |
| 005 - DATE AND TIME OF LATEST TRANSACTION | |
| control field | 20240618145624.0 |
| 008 - FIXED-LENGTH DATA ELEMENTS--GENERAL INFORMATION | |
| fixed length control field | 200117t20212020nyu c 000 1 eng |
| 010 ## - LIBRARY OF CONGRESS CONTROL NUMBER | |
| LC control number | 2019060265 |
| 020 ## - INTERNATIONAL STANDARD BOOK NUMBER | |
| International Standard Book Number | 9780593178836 |
| Qualifying information | (hardcover) |
| 020 ## - INTERNATIONAL STANDARD BOOK NUMBER | |
| International Standard Book Number | 9780593178843 |
| Qualifying information | (library binding) |
| 020 ## - INTERNATIONAL STANDARD BOOK NUMBER | |
| International Standard Book Number | 9780593178867 |
| Qualifying information | (paperback) |
| 020 ## - INTERNATIONAL STANDARD BOOK NUMBER | |
| Cancelled/invalid ISBN | 9780593178850 |
| Qualifying information | (ebook) |
| 040 ## - CATALOGING SOURCE | |
| Original cataloging agency | DLC |
| Language of cataloging | eng |
| Transcribing agency | DLC |
| Description conventions | rda |
| Modifying agency | DLC |
| 042 ## - AUTHENTICATION CODE | |
| Authentication code | pcc |
| -- | lcac |
| 050 00 - LIBRARY OF CONGRESS CALL NUMBER | |
| Classification number | PZ8.C97 |
| Item number | Th 2021 |
| 082 00 - DEWEY DECIMAL CLASSIFICATION NUMBER | |
| Classification number | [Fic] |
| Edition number | 23 |
| 092 ## - LOCALLY ASSIGNED DEWEY CALL NUMBER (OCLC) | |
| Classification number | junior fiction |
| Item number | Cypess |
| 100 1# - MAIN ENTRY--PERSONAL NAME | |
| Personal name | Cypess, Leah, |
| Relator term | author. |
| 245 10 - TITLE STATEMENT | |
| Title | Thornwood / |
| Statement of responsibility, etc | Leah Cypess. |
| 250 ## - EDITION STATEMENT | |
| Edition statement | First edition. |
| 264 #1 - Production, Publication, Distribution, Manufacture, and Copyright Notice. | |
| Place of production, publication, distribution, manufacture | New York : |
| Name of producer, publisher, distributor, manufacturer | Delacorte Press, |
| Date of production, publication, distribution, manufacture, or copyr | [2021] |
| 300 ## - PHYSICAL DESCRIPTION | |
| Extent | 262 pages ; |
| Dimensions | 22 cm. |
| 336 ## - Content Type | |
| Content type term | text |
| 337 ## - Media type | |
| Media type term | unmediated |
| 338 ## - Carrier type | |
| Carrier type term | volume |
| 490 0# - SERIES STATEMENT | |
| Series statement | Sisters ever after ; |
| Volume number/sequential designation | 1. |
| 520 ## - SUMMARY, ETC. | |
| Summary, etc | The younger sister of Rosalin, known as Sleeping Beauty, relates how their lives have been haunted by a curse, and how she helps save the day once the curse is broken. |
| 521 1# - TARGET AUDIENCE NOTE | |
| Target audience note | Ages 9-12. |
| Source | Delacorte Press. |
| 650 #1 - SUBJECT ADDED ENTRY--TOPICAL TERM | |
| Topical term or geographic name as entry element | Fairy tales. |
| 650 #1 - SUBJECT ADDED ENTRY--TOPICAL TERM | |
| Topical term or geographic name as entry element | Sisters |
| Form subdivision | Fiction. |
| 9 (RLIN) | 5674091 |
| 650 #1 - SUBJECT ADDED ENTRY--TOPICAL TERM | |
| Topical term or geographic name as entry element | Blessing and cursing |
| Form subdivision | Fiction. |
| 9 (RLIN) | 5675732 |
| 650 #1 - SUBJECT ADDED ENTRY--TOPICAL TERM | |
| Topical term or geographic name as entry element | Characters in literature |
| Form subdivision | Fiction. |
| 9 (RLIN) | 5674873 |
| 776 08 - ADDITIONAL PHYSICAL FORM ENTRY | |
| Display text | Online version: |
| Main entry heading | Cypess, Leah. |
| Title | Thornwood |
| Place, publisher, and date of publication | New York : Delacorte Press, [2021] |
| International Standard Book Number | 9780593178850 |
| Record control number | (DLC) 2019060266 |
| 942 ## - ADDED ENTRY ELEMENTS (KOHA) | |
| Source of classification or shelving scheme | Dewey Decimal Classification |
| Koha item type | BOOK |
| Withdrawn status | Lost status | Source of classification or shelving scheme | Damaged status | Not for loan | Collection code | Home library | Current library | Shelving location | Date acquired | Source of acquisition | Serial Enumeration / chronology | Total Checkouts | Total Renewals | Full call number | Barcode | Date last seen | Date checked out | Cost, replacement price | Price effective from | Koha item type |
|---|---|---|---|---|---|---|---|---|---|---|---|---|---|---|---|---|---|---|---|---|
| Dewey Decimal Classification | Junior Fiction | Wasatch County Library | Wasatch County Library | Main Floor Junior Area | 06/18/2024 | Amazon | #1 Sisters Ever After | 7 | 4 | J Cypess | 34301002120394 | 01/13/2026 | 11/10/2025 | 16.99 | 06/18/2024 | BOOK |
